000
00345nam a2200145Ia 4500
008
090123s9999 xx 000 0 und d
082
_b
33896
245
_a
तुळव
250
_a
1
260
_b
ग्रंथाली प्रकाशन
_c
2002
300
_a
329
630
_a
तुळव
730
_a
तुळव
942
_c
BOOK
999
_c
71916
_d
71916